LEADER 01120nam a2200229 i 4500 001 000000060251 003 CaOOAMICUS 005 20140411000000.0 008 140411s1969 xx u000 u ger u 013 $a31423 040 $aSeMil$bita 100 1 $aBuri, Fritz.$0(OLS)http://semarc/name/9884 245 14$aDer Pantokrator :$bOntologie und Eschatologie als Grundlage der Lehre von Gott /$cFritz Buri. 260 $aHamburg-Bergstedt :$bHerbert Reich,$c1969. 300 $a157 p. ;$c24 cm. 490 0 $aTheologische Forschung : wissenschaftliche Beiträge zur kirchlich-evangelischen Lehre ;$v47 650 4$aCristologia.$0(OLS)http://semarc/subject/173 830 0$aTheologische Forschung : wissenschaftliche Beiträge zur kirchlich-evangelischen Lehre ;$v47.$0(OLS)http://semarc/title/17936 850 $aSeMil 852 $aSeMil$W1$xVenegono$y1$m2K II 185$j26404$B26404$CSeMilBibl$Z2$F26407 $81 996 $6245$aDer Pantokrator :$bOntologie und Eschatologie als Grundlage der Lehre von Gott$9(OLS)http://semarc/title/94369 996 $6260$aHamburg-Bergstedt :$bHerbert Reich$9(OLS)http://semarc/publisher/33675 LEADER 01095nam a2200241 i 4500 001 000000081380 003 CaOOAMICUS 005 20180607000000.0 008 180607s2010 it u000 u ita u 013 $a53620 040 $aSeMil$bita 100 1 $aGiannattasio, Michele.$0(OLS)http://semarc/name/91671 245 10$aTempo di Passione :$ble Stazioni della Via Crucis ; Nelle immagini del pittore il dramma dell'umanitā /$cMichele Giannattasio. 260 $aVelletri (RM) :$bEdizioni Giorgio La Pira,$c2010. 300 $a1 v. :$bill. ;$c22 cm. 500 $aDono del Card. Angelo Scola. 650 4$aGesų Cristo - Passione - Iconografia.$0(OLS)http://semarc/subject/45435 850 $aSeMil 852 $aSeMil$W1$xVenegono$y1$m5D IX 26/3$j46631$B46631$CSeMilBibl$Z2$F48979 $81 941 1 $a6 961 $aOmaggio: Scola Card. Angelo 996 $6245$aTempo di Passione :$ble Stazioni della Via Crucis ; Nelle immagini del pittore il dramma dell'umanitā$9(OLS)http://semarc/title/404489 996 $6260$aVelletri (RM) :$bEdizioni Giorgio La Pira$9(OLS)http://semarc/publisher/56624